[Event "Xtracon Chess Open 2017"]
[Site "Helsingor DEN"]
[Date "2017.07.26"]
[Round "6.156"]
[White "Warston, Hakan"]
[Black "Andersen, Daniel"]
[Result "1/2-1/2"]
[BlackTitle "FM"]
[WhiteElo "1623"]
[BlackElo "1856"]
[WhiteFideId "1717367"]
[BlackFideId "1402714"]
[EventDate "2017.07.22"]

1. d4 Nf6 2. c4 g6 3. Nc3 d5 4. Nf3 Bg7 5. Bg5 Ne4 6. cxd5 Nxg5 7. Nxg5 e6 8.
Nf3 exd5 9. b4 c6 10. e3 O-O 11. Bd3 Be6 12. O-O Nd7 13. a4 b6 14. Rc1 Qe7 15.
Qb3 Qd6 16. Qb2 Rfc8 17. Rfd1 h6 18. h3 Rab8 19. Ne2 a5 20. b5 c5 21. Qa3 Bf8
22. Qb2 c4 23. Bb1 Bg7 24. Nc3 f5 25. Nh4 Bf7 26. f4 Nf6 27. Nf3 Ne4 28. Bxe4
fxe4 29. Ne5 g5 30. g3 Be6 31. Kh2 gxf4 32. gxf4 Rf8 33. Rg1 Bf5 34. Qg2 1/2-1/2

[Event "Xtracon Chess Open 2017"]
[Site "Helsingor DEN"]
[Date "2017.07.26"]
[Round "6.157"]
[White "Kalveus, Jan"]
[Black "Vinter, Christoffer"]
[Result "1-0"]
[WhiteElo "1856"]
[BlackElo "1633"]
[WhiteFideId "1721682"]
[BlackFideId "1449737"]
[EventDate "2017.07.22"]

1. d4 Nf6 2. Bg5 h6 3. Bh4 d5 4. e3 Nc6 5. Nf3 Bg4 6. c4 e6 7. Nc3 Bb4 8. a3
Bxc3+ 9. bxc3 g5 10. Bg3 Ne4 11. Qc2 Nxg3 12. hxg3 Qf6 13. Be2 dxc4 14. Rb1 Rb8
15. Qa4 Kf8 16. Qxc4 Kg7 17. Qd3 Qg6 18. Qxg6+ Kxg6 19. Bd3+ f5 20. Nd2 e5 21.
f3 e4 22. Bc4 exf3 23. gxf3 Bh5 24. Rxh5 b5 25. Ba2 f4 26. exf4 gxf4 27. g4 1-0

[Event "Xtracon Chess Open 2017"]
[Site "Helsingor DEN"]
[Date "2017.07.26"]
[Round "6.158"]
[White "Joensen, Sigurd"]
[Black "Andersen, Dag"]
[Result "0-1"]
[WhiteElo "1567"]
[BlackElo "1855"]
[WhiteFideId "7200935"]
[BlackFideId "1504568"]
[EventDate "2017.07.22"]

1. e4 c5 2. Bc4 e6 3. Nc3 a6 4. a3 Nc6 5. Nf3 d6 6. d3 Nf6 7. Bg5 Be7 8. h3 Qc7
9. O-O h6 10. Bf4 Bd7 11. Qd2 O-O-O 12. Rfb1 g5 13. Nxg5 hxg5 14. Bxg5 Rdg8 15.
f4 Nh5 16. Bxe7 Nxe7 17. Ne2 d5 18. Ba2 dxe4 19. dxe4 Ng6 20. Rf1 Nf6 21. Qe3
Ne7 22. c4 Nxe4 23. Bb1 Nd6 24. Bd3 Nef5 25. Bxf5 Nxf5 26. Qd3 Bc6 27. Rf2 Rd8
28. Qc3 Rhg8 29. g4 Be4 30. Re1 Rd3 31. Qe5 Qxe5 32. fxe5 0-1

[Event "Xtracon Chess Open 2017"]
[Site "Helsingor DEN"]
[Date "2017.07.26"]
[Round "6.159"]
[White "Tenold, Andreas"]
[Black "Larsen, Hans Haagen"]
[Result "0-1"]
[WhiteElo "1845"]
[BlackElo "1627"]
[WhiteFideId "1525840"]
[BlackFideId "1409557"]
[EventDate "2017.07.22"]

1. Nf3 d6 2. g3 g6 3. Bg2 Bg7 4. d4 Nc6 5. O-O Bd7 6. c3 e5 7. e4 f5 8. exf5
gxf5 9. Ng5 Nf6 10. dxe5 dxe5 11. Bd5 Qe7 12. Bf7+ Kf8 13. Bc4 h6 14. Nf3 Na5
15. Nh4 Qc5 16. Ng6+ Ke8 17. Nxh8 Nxc4 18. Ng6 Kf7 19. Nh4 Re8 20. b3 Nd6 21.
Be3 Qc6 22. f3 Nd5 23. Qd2 f4 24. Bf2 Bf6 25. Rd1 Ne3 26. Bxe3 Bxh4 27. gxh4
Qxf3 28. Qd5+ Qxd5 29. Rxd5 Ke6 30. Rd1 fxe3 31. Na3 Nf5 32. Kf1 Rg8 33. Re1 Bc6
34. Re2 Bf3 35. Rb2 a6 36. Re1 b5 37. Nc2 Rg2 38. Nd4+ exd4 39. Rxg2 Nxh4 40.
Rg3 Ke5 41. cxd4+ Kxd4 42. Kg1 h5 43. Rh3 Ng2 44. Rxf3 Nxe1 45. Rf8 a5 46. Kf1
Nd3 47. Rf5 c5 48. Rxh5 e2+ 49. Kxe2 Nf4+ 50. Kf3 Nxh5 51. Kg4 Nf6+ 52. Kf5 Ne4
53. h4 c4 54. h5 Ng3+ 0-1

[Event "Xtracon Chess Open 2017"]
[Site "Helsingor DEN"]
[Date "2017.07.26"]
[Round "6.160"]
[White "Hestholm, Sverre"]
[Black "Trost, Martin"]
[Result "0-1"]
[WhiteElo "1531"]
[BlackElo "1844"]
[WhiteFideId "1529161"]
[BlackFideId "1710737"]
[EventDate "2017.07.22"]

1. e4 e5 2. Nf3 Nc6 3. Bc4 Nf6 4. d4 exd4 5. O-O Nxe4 6. Re1 d5 7. Bxd5 Qxd5 8.
Nc3 Qh5 9. Nxe4 Be6 10. Neg5 O-O-O 11. Nxe6 fxe6 12. Rxe6 Bd6 13. Qe2 d3 14. Qe4
Nd4 15. Rxd6 Rxd6 16. cxd3 Re8 0-1

[Event "Xtracon Chess Open 2017"]
[Site "Helsingor DEN"]
[Date "2017.07.26"]
[Round "6.161"]
[White "Jarve, Edvin"]
[Black "Easwaralingam, Janith"]
[Result "1/2-1/2"]
[WhiteElo "1843"]
[BlackElo "1621"]
[WhiteFideId "1519824"]
[BlackFideId "1448560"]
[EventDate "2017.07.22"]

1. d4 Nf6 2. c4 g6 3. Nc3 Bg7 4. e4 d6 5. f3 Nbd7 6. Be3 e5 7. d5 a5 8. Qd2 b6
9. Nge2 Nc5 10. g4 h5 11. g5 Nh7 12. h4 Nf8 13. Nc1 a4 14. Nd3 Nfd7 15. Nb4 Nb8
16. Be2 Bd7 17. O-O-O Nba6 18. Nxa6 Rxa6 19. Rdf1 Qe7 20. Bd1 O-O 21. Bc2 Rb8
22. f4 exf4 23. Rxf4 Be5 1/2-1/2

[Event "Xtracon Chess Open 2017"]
[Site "Helsingor DEN"]
[Date "2017.07.26"]
[Round "6.163"]
[White "Rasmussen, Henrik"]
[Black "Sundin, Sven-Ingvar"]
[Result "1-0"]
[WhiteElo "1822"]
[BlackElo "1607"]
[WhiteFideId "1437011"]
[BlackFideId "1724517"]
[EventDate "2017.07.22"]

1. Nf3 Nf6 2. g3 d5 3. d4 e6 4. c4 Nbd7 5. cxd5 Nxd5 6. e4 N5b6 7. Nc3 Be7 8.
Bf4 O-O 9. Bg2 Nf6 10. O-O c5 11. Qc2 cxd4 12. Rfd1 Bd7 13. Nxd4 Rc8 14. Ndb5 a6
15. Nd6 Rc7 16. Qb3 Rc6 17. Nxb7 Qa8 18. Na5 Bc5 19. Nxc6 Bxc6 20. Bd6 Bxd6 21.
Rxd6 Rb8 22. Rad1 Nbd5 23. Qc4 Nxc3 24. bxc3 Bxe4 25. Bxe4 Nxe4 26. Qxe4 1-0

[Event "Xtracon Chess Open 2017"]
[Site "Helsingor DEN"]
[Date "2017.07.26"]
[Round "6.164"]
[White "Jensen, Jonbert M. S."]
[Black "Amin, Idris"]
[Result "0-1"]
[WhiteElo "1515"]
[BlackElo "1819"]
[WhiteFideId "1435914"]
[BlackFideId "1746022"]
[EventDate "2017.07.22"]

1. d4 d6 2. e4 g6 3. Nf3 Bg7 4. Be2 Nf6 5. Nc3 O-O 6. O-O Nbd7 7. Bf4 Nh5 8. Be3
Nhf6 9. h3 h6 10. Qd2 Kh7 11. Rad1 Ng8 12. Nh2 c6 13. f4 Ndf6 14. e5 Nd5 15.
Nxd5 cxd5 16. c3 Bf5 17. Bd3 Be4 18. Qc2 f5 19. exf6 Nxf6 20. Ng4 Re8 21. Rde1
Qb6 22. Bf2 Bxd3 23. Qxd3 Ne4 24. Re2 e6 25. Kh2 Rf8 26. Be3 Rf7 27. Nf2 Qc6 28.
Bc1 e5 29. Nxe4 dxe4 30. Rxe4 exd4 31. cxd4 d5 32. Re2 Qa4 33. Be3 Qxa2 34. Qb5
Re7 35. Qd3 Qc4 36. Qd1 Rae8 37. Rc2 Qa4 38. Bg1 Re4 39. f5 gxf5 40. Rxf5 Bxd4
41. Rc7+ Bg7 42. Qxd5 R4e7 43. Rf7 Rxc7 44. Rxc7 Qf4+ 45. Kh1 Qxc7 46. Bxa7 b6
47. Qb5 0-1

[Event "Xtracon Chess Open 2017"]
[Site "Helsingor DEN"]
[Date "2017.07.26"]
[Round "6.165"]
[White "Hansen, Simon L."]
[Black "Palozza, Flavio"]
[Result "1-0"]
[WhiteElo "1819"]
[BlackElo "1573"]
[WhiteFideId "1446894"]
[BlackFideId "2815740"]
[EventDate "2017.07.22"]

1. e4 g6 2. d4 Bg7 3. Nc3 c6 4. f4 d5 5. e5 Nh6 6. Bd3 O-O 7. Nf3 Bg4 8. Be3 f6
9. Rf1 Qb6 10. Rb1 Nf7 11. h3 Bxf3 12. Rxf3 fxe5 13. fxe5 Nxe5 14. dxe5 d4 15.
Bc4+ Kh8 16. Rxf8+ Bxf8 17. Bxd4 Qb4 18. e6+ Bg7 19. Qf3 Na6 20. Bxg7+ Kxg7 21.
Bxa6 bxa6 22. Qe4 Qd6 23. Ne2 Rf8 24. Qd4+ 1-0

[Event "Xtracon Chess Open 2017"]
[Site "Helsingor DEN"]
[Date "2017.07.26"]
[Round "6.166"]
[White "Kreken, Eivind Grunt"]
[Black "Kvaloy, Aksel Bu"]
[Result "0-1"]
[WhiteElo "1412"]
[BlackElo "1818"]
[WhiteFideId "1532359"]
[BlackFideId "1528815"]
[EventDate "2017.07.22"]

1. d4 Nf6 2. Bf4 e6 3. e3 Be7 4. Nf3 b6 5. Bd3 Bb7 6. Nbd2 c5 7. c3 cxd4 8. exd4
O-O 9. O-O d6 10. Qe2 Nbd7 11. Ne4 Nxe4 12. Bxe4 Bxe4 13. Qxe4 Nf6 14. Qe2 a6
15. Rfe1 Qd7 16. Qc4 Rfc8 17. Qb3 b5 18. Nd2 Nd5 19. Bg3 Nb6 20. Rad1 Nc4 21.
Nxc4 bxc4 22. Qc2 d5 23. Re2 Bd6 24. Rb1 Bxg3 25. hxg3 Qc7 26. Qa4 Rab8 27. Qc2
Qa5 28. a3 Rb3 29. Ra1 Rcb8 30. Ra2 Qb6 31. Qc1 Qc7 32. Qf4 Qd7 33. Qd2 a5 34.
Kh2 a4 35. Kg1 R8b6 36. Kh2 Qb7 37. Qc1 Qb8 38. f4 h6 39. Kg1 Qd8 40. Qe3 Qf6
41. Kf2 Rb8 42. Qc1 Qf5 43. Qc2 Qh5 44. Re5 Qg4 45. Re2 h5 46. Qc1 h4 47. gxh4
Qxh4+ 48. g3 Qh2+ 49. Kf3 Qh5+ 50. Kf2 R3b6 51. Qg1 g5 52. g4 Qh4+ 53. Qg3 Qh1
54. Qg1 Qh4+ 55. Qg3 Qh7 56. Qg1 gxf4 57. Kf3 Qd3+ 58. Kf2 f3 59. Re3 Rxb2+ 60.
Rxb2 Rxb2+ 61. Kxf3 Qh7 62. Kg3 f5 63. Rxe6 f4+ 64. Kf3 Rh2 65. Qe1 Rh3+ 66.
Kxf4 Qc7+ 67. Kg5 Qd7 68. Rg6+ Kh7 69. Qe6 Qxe6 70. Rxe6 Rxc3 71. Re7+ Kg8 72.
Kg6 Kf8 73. Rf7+ Ke8 74. g5 Rxa3 75. Kg7 Rg3 76. g6 c3 77. Kf6 Rf3+ 78. Kg7 c2
79. Rc7 Rf2 80. Kh7 Rh2+ 81. Kg8 a3 82. g7 a2 83. Re7+ Kd8 84. Kf8 Rf2+ 85. Rf7
Re2 86. Rf1 Re8+ 87. Kf7 Kd7 88. Rc1 Re7+ 89. Kf6 Re8 90. Kf7 Ra8 91. Ra1 Rb8
92. g8=Q Rxg8 93. Kxg8 Kc6 94. Kf7 Kb5 95. Ke6 Kc4 96. Ke5 Kb3 97. Kxd5 Kb2 0-1

[Event "Xtracon Chess Open 2017"]
[Site "Helsingor DEN"]
[Date "2017.07.26"]
[Round "6.167"]
[White "Nettelbeck, Jann"]
[Black "Yilmaz, Kazim"]
[Result "1-0"]
[WhiteElo "1790"]
[BlackElo "1527"]
[WhiteFideId "12975672"]
[BlackFideId "1514326"]
[EventDate "2017.07.22"]

1. Nf3 Nf6 2. d4 d5 3. c4 c6 4. g3 g6 5. Bg2 Bg7 6. O-O O-O 7. Nc3 dxc4 8. a4
Bf5 9. Nh4 Na6 10. Nxf5 gxf5 11. e4 Nxe4 12. Nxe4 fxe4 13. Bxe4 f5 14. Bg2 Qxd4
15. Qe2 e5 16. Rd1 Qc5 17. Rd7 Rf7 18. Rxf7 Kxf7 19. Qh5+ Kg8 20. Qxf5 Rf8 21.
Qe6+ Kh8 22. Be3 Qb4 23. Rd1 Qxb2 24. Be4 c3 25. Qh3 h6 26. Bxh6 Qxf2+ 27. Kh1
Kg8 28. Bxg7 Kxg7 29. Qh7+ Kf6 30. Rd6+ Kg5 31. Rg6# 1-0

[Event "Xtracon Chess Open 2017"]
[Site "Helsingor DEN"]
[Date "2017.07.26"]
[Round "6.169"]
[White "Von Knobloch, Hanno"]
[Black "Rasmussen, Henning2"]
[Result "1/2-1/2"]
[WhiteElo "1356"]
[BlackElo "1770"]
[WhiteFideId "12993247"]
[BlackFideId "1410962"]
[EventDate "2017.07.22"]

1. e4 e6 2. d4 d5 3. exd5 exd5 4. Nf3 Bd6 5. c4 c6 6. Nc3 Ne7 7. Bd3 Bg4 8. O-O
dxc4 9. Bxc4 O-O 10. Bg5 Kh8 11. Re1 f6 12. Bh4 Nd7 13. a3 Nb6 14. Ba2 Bc7 15.
Re4 Bf5 16. Re1 Ned5 17. h3 Qd7 18. Bg3 Bxg3 19. fxg3 Rfe8 20. Qd2 Be6 21. Ne4
Bf7 22. Nc5 Qc7 23. Kf2 Nd7 24. b4 b6 25. Nxd7 Qxd7 26. Rac1 Rxe1 27. Nxe1 Rc8
28. Nf3 Bg6 29. g4 Nc7 1/2-1/2

[Event "Xtracon Chess Open 2017"]
[Site "Helsingor DEN"]
[Date "2017.07.26"]
[Round "6.170"]
[White "Overmark, Ole"]
[Black "Kvamme, Ingrid Jodre"]
[Result "0-1"]
[WhiteElo "1767"]
[BlackElo "1512"]
[WhiteFideId "1410776"]
[BlackFideId "1516981"]
[EventDate "2017.07.22"]

1. e4 c5 2. Nf3 Nc6 3. d4 cxd4 4. c3 d3 5. c4 d6 6. Nc3 Nf6 7. Bxd3 g6 8. h3 Bg7
9. O-O O-O 10. Qe2 Nd7 11. Bd2 Nc5 12. Rab1 a5 13. Nd5 Be6 14. Bc3 Bxd5 15. cxd5
Ne5 16. Bc2 Qd7 17. Nd4 Qc7 18. f4 Ned7 19. Kh1 Rac8 20. Nb5 Qb6 21. Bxg7 Kxg7
22. Nc3 f6 23. h4 Qa6 24. Qe3 b5 25. b4 axb4 26. Rxb4 Nb6 27. Rfb1 Nc4 28. Qe2
Na3 29. R1b2 Nc4 30. Rb1 Na3 31. Rc1 Qa5 32. Rxb5 Qxc3 33. Rb6 Nxc2 34. Rxc2 Qd3
35. Qxd3 Nxd3 36. Rbc6 Nc5 37. e5 Rxc6 38. exf6+ Kxf6 39. dxc6 Rc8 40. g4 Rxc6
41. Rc3 Rb6 42. Ra3 Rb4 43. g5+ Kf5 44. Ra7 Rxf4 45. Rxe7 Rxh4+ 46. Kg2 Kxg5 0-1

[Event "Xtracon Chess Open 2017"]
[Site "Helsingor DEN"]
[Date "2017.07.26"]
[Round "6.171"]
[White "Dittrich, Tom"]
[Black "Fransson, Pia"]
[Result "1-0"]
[WhiteElo "1943"]
[BlackElo "1482"]
[WhiteFideId "12923532"]
[BlackFideId "1724207"]
[EventDate "2017.07.22"]

1. e4 d5 2. exd5 Qxd5 3. Nc3 Qd8 4. d4 g6 5. Bc4 Bg7 6. Be3 Nh6 7. Nge2 Nf5 8.
Qd2 Nxe3 9. fxe3 O-O 10. O-O-O Nc6 11. Rdg1 a5 12. g4 a4 13. h4 b5 14. Bxb5 Nb4
15. a3 c6 16. Bxa4 Na2+ 17. Kb1 Nxc3+ 18. Nxc3 c5 19. Qg2 Rb8 20. h5 cxd4 21.
hxg6 dxc3 22. gxf7+ Rxf7 23. Bb3 Rxb3 24. cxb3 Bb7 25. Qxb7 Qd3+ 26. Ka2 Qe2 27.
Rg2 Qxe3 28. Qc8+ Rf8 29. Qc4+ Rf7 30. Rf1 e6 31. Qc8+ Rf8 32. Rxf8+ Bxf8 33.
Qxc3 1-0

[Event "Xtracon Chess Open 2017"]
[Site "Helsingor DEN"]
[Date "2017.07.26"]
[Round "6.172"]
[White "Meyer, Juergen"]
[Black "Fuglestein, Sander"]
[Result "1-0"]
[WhiteElo "1928"]
[BlackElo "1626"]
[WhiteFideId "24661759"]
[BlackFideId "1536680"]
[EventDate "2017.07.22"]

1. e4 c5 2. Nf3 Nc6 3. d4 cxd4 4. Nxd4 Nf6 5. Nc3 d6 6. Bg5 e5 7. Nb3 Be6 8. Be2
Be7 9. O-O a6 10. Kh1 Qc7 11. Bxf6 Bxf6 12. Bf3 Ne7 13. Bg4 Bxg4 14. Qxg4 b5 15.
a3 O-O 16. Rad1 Rfd8 17. Rd3 Qd7 18. Qxd7 Rxd7 19. Rfd1 Rad8 20. Nc5 Rc7 21.
Nxa6 Rc6 22. Nb4 Rb6 23. g3 g6 24. Kg2 Bg7 25. Nbd5 Nxd5 26. Nxd5 Rb7 27. Ne3
Bf8 28. Rd5 Be7 29. R1d3 Kg7 30. c4 bxc4 31. Nxc4 f6 32. b4 Kf7 33. Nxd6+ Bxd6
34. Rxd6 Rxd6 35. Rxd6 Ra7 36. Rd3 Ke6 37. b5 Rb7 38. Rb3 Kd6 39. a4 Kc5 40. Kf3
Kb6 41. Ke3 Ka5 42. Ra3 Rd7 43. Ra1 Rd4 44. f4 Rd8 45. fxe5 fxe5 46. Ra2 Rd4 47.
Rb2 Kxa4 48. b6 Rd8 49. b7 Rb8 50. Kd3 Ka5 51. Kc4 Ka6 52. Kd5 Ka7 53. Kxe5 Re8+
54. Kd6 Kb8 55. e5 1-0

[Event "Xtracon Chess Open 2017"]
[Site "Helsingor DEN"]
[Date "2017.07.26"]
[Round "6.173"]
[White "Damm-Frydenberg, Anders"]
[Black "Maselli, Daniel"]
[Result "1-0"]
[WhiteElo "1614"]
[BlackElo "1914"]
[WhiteFideId "1462970"]
[BlackFideId "2814140"]
[EventDate "2017.07.22"]

1. e4 c5 2. Nf3 d6 3. Bb5+ Nd7 4. O-O a6 5. Bd3 g6 6. c3 Bg7 7. Bc2 Ngf6 8. d4
cxd4 9. cxd4 O-O 10. Nc3 b5 11. Ne2 Bb7 12. Ng3 Rc8 13. h3 Qc7 14. Bd3 Rfd8 15.
Be3 Ne8 16. Qd2 Qb8 17. Bh6 Bh8 18. Qg5 Bf6 19. Qg4 e5 20. d5 Nc5 21. Be2 Rc7
22. Ng5 Bg7 23. Bxg7 Kxg7 24. f4 h6 25. Nf3 Qa7 26. Kh2 Bc8 27. Qh4 Nf6 28. fxe5
dxe5 29. Ng5 hxg5 30. Qxg5 Rd6 31. Rxf6 Rxf6 32. Nh5+ Kf8 33. Nxf6 Qb6 34. Qxe5
Bb7 35. Rd1 Nd7 36. Qe8+ Kg7 37. Nxd7 Qd6+ 38. Qe5+ 1-0

[Event "Xtracon Chess Open 2017"]
[Site "Helsingor DEN"]
[Date "2017.07.26"]
[Round "6.174"]
[White "Nilssen, Steinar"]
[Black "Haugaard, Thomas"]
[Result "1/2-1/2"]
[WhiteElo "1608"]
[BlackElo "1797"]
[WhiteFideId "1525620"]
[BlackFideId "1414330"]
[EventDate "2017.07.22"]

1. d4 Nf6 2. Nf3 e6 3. Bf4 d5 4. Nbd2 c5 5. e3 Qb6 6. Rb1 Nc6 7. c3 Be7 8. h3
O-O 9. Bd3 cxd4 10. exd4 Na5 11. Qe2 Bd7 12. O-O Rac8 13. Ne5 a6 14. Rfc1 Bb5
15. Bxb5 axb5 16. g4 Nc4 17. Ndxc4 Rxc4 18. Nxc4 bxc4 19. g5 Ne4 20. h4 Ra8 21.
f3 Nd6 22. a3 Nf5 23. Qf2 Bd6 24. Bxd6 Qxd6 25. f4 Ra5 26. Rc2 Rb5 27. Re1 Rb3
28. Rd2 Kf8 29. Re5 Ke8 30. Qh2 Kd7 31. Rde2 Kc7 32. h5 g6 33. hxg6 hxg6 34. Qh7 1/2-1/2

[Event "Xtracon Chess Open 2017"]
[Site "Helsingor DEN"]
[Date "2017.07.26"]
[Round "6.175"]
[White "Christensen, John Christopher Hojstrup"]
[Black "Erikstad, Olav"]
[Result "0-1"]
[WhiteElo "1603"]
[BlackElo "1781"]
[WhiteFideId "1453947"]
[BlackFideId "1504983"]
[EventDate "2017.07.22"]

1. d4 c6 2. c4 d5 3. Nc3 Nf6 4. Bf4 e6 5. e3 Bd6 6. Bxd6 Qxd6 7. Nf3 Nbd7 8.
cxd5 exd5 9. Bd3 Nb6 10. Ne5 Be6 11. O-O h5 12. f3 Nbd7 13. f4 Ng4 14. Qd2 Ndxe5
15. fxe5 Qe7 16. e4 Qb4 17. Be2 dxe4 18. Nxe4 Qxd2 19. Nxd2 Ne3 20. Rfc1 Rd8 21.
Nf3 Bg4 22. Rc3 Nf5 23. Rb3 Rd7 24. Ba6 bxa6 0-1

[Event "Xtracon Chess Open 2017"]
[Site "Helsingor DEN"]
[Date "2017.07.26"]
[Round "6.176"]
[White "Tonnesen, Jan Ryder"]
[Black "Wiberg, Jonas"]
[Result "1/2-1/2"]
[WhiteElo "1575"]
[BlackElo "1773"]
[WhiteFideId "1461869"]
[BlackFideId "1720090"]
[EventDate "2017.07.22"]

1. d4 Nf6 2. c4 e6 3. Nf3 b6 4. g3 Bb7 5. Bg2 Be7 6. O-O O-O 7. Nc3 Ne4 8. Nxe4
Bxe4 9. Nd2 Bxg2 10. Kxg2 d5 11. cxd5 exd5 12. Nf3 Nd7 13. b3 Rc8 14. e3 Re8 15.
Bb2 Bd6 16. Qd3 Qf6 17. h4 h6 18. Rac1 a5 19. Rc2 Qe6 20. a4 Nf6 21. Rc6 Qe7 22.
Rh1 Qd7 23. Rc2 Ne4 24. Nd2 f5 25. f4 Nxd2 26. Rxd2 Re4 27. Kf2 g6 28. Bc3 Rce8
29. Re2 R8e6 30. Qb5 Qxb5 31. axb5 Be7 32. Rb1 g5 33. hxg5 hxg5 34. b4 axb4 35.
Bxb4 gxf4 36. gxf4 Bf6 37. Rd1 Bh4+ 38. Kf3 Rg6 39. Be1 Be7 40. Bd2 Bd6 41. Rg2
Rxg2 42. Kxg2 Kf7 1/2-1/2

[Event "Xtracon Chess Open 2017"]
[Site "Helsingor DEN"]
[Date "2017.07.26"]
[Round "6.177"]
[White "Pedersen, Carl Aage"]
[Black "Hansen, Anders2"]
[Result "1/2-1/2"]
[WhiteElo "1758"]
[BlackElo "1624"]
[WhiteFideId "1417614"]
[BlackFideId "1711237"]
[EventDate "2017.07.22"]

1. d4 Nf6 2. c4 e6 3. Nc3 c5 4. d5 exd5 5. cxd5 d6 6. e4 g6 7. Bd3 Bg7 8. h3 O-O
9. Nf3 Nbd7 10. O-O Re8 11. Qc2 a6 12. a4 b6 13. Bf4 Nf8 14. Rfe1 Nh5 15. Be3 h6
16. Nh2 Qh4 17. Ne2 Qd8 18. Qd2 Kh7 19. Nf4 Nxf4 20. Bxf4 Qf6 21. Rab1 Bd7 22.
b3 h5 23. Nf3 Ra7 24. Bc4 1/2-1/2

[Event "Xtracon Chess Open 2017"]
[Site "Helsingor DEN"]
[Date "2017.07.26"]
[Round "6.178"]
[White "Hojgaard, Brandur"]
[Black "Kristensen, Thomas Overgaard"]
[Result "1-0"]
[WhiteElo "1747"]
[BlackElo "1610"]
[WhiteFideId "7201478"]
[BlackFideId "1419803"]
[EventDate "2017.07.22"]

1. d4 d5 2. Nf3 Nf6 3. c4 e6 4. Nc3 Nbd7 5. e3 c6 6. Bd3 dxc4 7. Bxc4 Bd6 8. O-O
O-O 9. e4 e5 10. Bg5 Re8 11. Re1 Nb6 12. dxe5 Nxc4 13. exd6 Bg4 14. Qd4 Bxf3 15.
Qxc4 Re5 16. Bf4 Nd7 17. gxf3 Rh5 18. Bg3 Qg5 19. e5 Nb6 20. Qg4 1-0

[Event "Xtracon Chess Open 2017"]
[Site "Helsingor DEN"]
[Date "2017.07.26"]
[Round "6.179"]
[White "Christophersen, David"]
[Black "Skjoldager, Morten"]
[Result "1-0"]
[WhiteElo "1741"]
[BlackElo "1538"]
[WhiteFideId "1413619"]
[BlackFideId "1434322"]
[EventDate "2017.07.22"]

1. c4 e5 2. g3 Nc6 3. Bg2 Bc5 4. Nc3 Nf6 5. d3 h6 6. Nf3 a6 7. O-O d6 8. Be3 Ba7
9. Bxa7 Rxa7 10. e3 O-O 11. Nd2 Be6 12. f4 Qd7 13. Nde4 Nxe4 14. Bxe4 f5 15. Bg2
Qe8 16. Rf2 Nb8 17. fxe5 dxe5 18. Qd2 c5 19. Nd5 b5 20. Qc3 Nd7 21. Raf1 b4 22.
Qd2 g5 23. Bh3 g4 24. Bg2 Nf6 25. e4 Nxd5 26. exd5 Bc8 27. Qe3 Rc7 28. d6 Rd7
29. Bc6 Bb7 30. Qxc5 Bxc6 31. Qxc6 Qe6 32. c5 1-0

[Event "Xtracon Chess Open 2017"]
[Site "Helsingor DEN"]
[Date "2017.07.26"]
[Round "6.180"]
[White "Bredeli, Havard Iversen"]
[Black "Winther, Bjarke Rosenborg"]
[Result "0-1"]
[WhiteElo "1443"]
[BlackElo "1741"]
[WhiteFideId "1514440"]
[BlackFideId "1447173"]
[EventDate "2017.07.22"]

1. d4 d5 2. c4 c6 3. Nc3 Nf6 4. Nf3 dxc4 5. a4 Bf5 6. e3 e6 7. Bxc4 Bb4 8. O-O
Nbd7 9. Qb3 a5 10. h3 Qc7 11. Rd1 O-O 12. Bd3 Bxd3 13. Rxd3 c5 14. Nb5 Qb8 15.
Rd1 cxd4 16. Nbxd4 Nc5 17. Qc4 Rc8 18. Qe2 Nfe4 19. Nd2 Bxd2 20. Bxd2 Nxd2 21.
Qxd2 e5 22. Rac1 exd4 23. Qxd4 Ne6 24. Rxc8+ Qxc8 25. Qb6 h6 26. Rd5 Qc1+ 27.
Kh2 Qc7+ 28. Qxc7 Nxc7 29. Rd4 Ne6 30. Rc4 Rb8 31. b4 b6 32. b5 Nc5 33. f4 Re8
34. Rd4 Rxe3 35. Rd8+ Kh7 36. Rb8 Nxa4 37. Rb7 f6 38. Ra7 Rb3 0-1

[Event "Xtracon Chess Open 2017"]
[Site "Helsingor DEN"]
[Date "2017.07.26"]
[Round "6.181"]
[White "Kumpen, Jona"]
[Black "Narheim, Mats"]
[Result "1-0"]
[WhiteElo "1711"]
[BlackElo "1519"]
[WhiteFideId "238520"]
[BlackFideId "1518607"]
[EventDate "2017.07.22"]

1. d4 Nf6 2. Nf3 d6 3. c3 g6 4. Bg5 Bg7 5. e3 h6 6. Bh4 Nh5 7. Bd3 g5 8. Bg3 Nc6
9. Nbd2 Bg4 10. Qc2 Qd7 11. O-O-O a6 12. h3 Bxf3 13. gxf3 b5 14. h4 b4 15. hxg5
hxg5 16. Ne4 bxc3 17. bxc3 d5 18. Nc5 Qc8 19. Qa4 Kf8 20. Qxc6 a5 21. Qxd5 a4
22. Bc4 e6 23. Qxg5 a3 24. Rxh5 Rxh5 25. Qxh5 1-0

[Event "Xtracon Chess Open 2017"]
[Site "Helsingor DEN"]
[Date "2017.07.26"]
[Round "6.182"]
[White "Aasen, Fredrik"]
[Black "Werner, Jakob"]
[Result "1-0"]
[WhiteElo "1430"]
[BlackElo "1690"]
[WhiteFideId "1539060"]
[BlackFideId "1426850"]
[EventDate "2017.07.22"]

1. c4 Nf6 2. g3 d5 3. Bg2 c6 4. cxd5 cxd5 5. d4 Nc6 6. Nc3 e6 7. Nf3 Be7 8. O-O
O-O 9. a3 Bd7 10. e3 Rc8 11. Bd2 a6 12. Qe2 Na5 13. Ne5 b5 14. h4 Nc4 15. Nxc4
Rxc4 16. b3 Rc7 17. e4 dxe4 18. Nxe4 Rc8 19. Ng5 Bc6 20. b4 Bxg2 21. Kxg2 Qxd4
22. f3 Qd8 23. g4 h6 24. Nh3 Nd5 25. g5 hxg5 26. hxg5 Rc4 27. Rh1 Qd6 28. Rh2
Rfc8 29. Rah1 Kf8 30. Nf2 Ke8 31. Nd3 Rc2 32. Rh8+ Kd7 33. Ne5+ Qxe5 34. Qxe5
Rxd2+ 35. Kg3 Bd6 36. Qxd6+ Kxd6 37. Rxc8 Rd3 38. Rg8 Ne3 39. Rd8+ 1-0

[Event "Xtracon Chess Open 2017"]
[Site "Helsingor DEN"]
[Date "2017.07.26"]
[Round "6.183"]
[White "Nielsen, Leo Kresten Roland"]
[Black "Damm, Henrik"]
[Result "0-1"]
[WhiteElo "1688"]
[BlackElo "1506"]
[WhiteFideId "1426095"]
[BlackFideId "1425013"]
[EventDate "2017.07.22"]

1. e4 c5 2. Nf3 Nc6 3. Bc4 e6 4. Nc3 g6 5. d4 cxd4 6. Nxd4 Bg7 7. Be3 Nge7 8.
O-O a6 9. a4 O-O 10. Kh1 d5 11. exd5 Nxd5 12. Nxc6 bxc6 13. Bxd5 cxd5 14. Bd4
Bb7 15. Bxg7 Kxg7 16. Qd4+ Kg8 17. f4 Rc8 18. b3 Re8 19. Rae1 Rc7 20. Rf3 Qh4
21. g3 Qh6 22. Kg1 Qg7 23. Qxg7+ Kxg7 24. Rd3 Rec8 25. Nd1 Rxc2 26. f5 gxf5 27.
Ne3 R2c3 28. Red1 a5 29. Kf2 Ba6 30. Rxc3 Rxc3 31. Rb1 d4 32. Ng2 e5 33. b4 axb4
34. Rxb4 Rc2+ 35. Kf3 e4+ 36. Kf4 Rxg2 37. Kxf5 d3 38. Rxe4 d2 39. Rg4+ Kf8 40.
Rd4 Be2 41. Kf6 Rf2+ 0-1